L'Horizon - Pierre Garnier (paroles) - Statistiques

Statistiques générales
  • Ce quiz a été pris 144 fois
    141 depuis la dernière actualisation
  • Le résultat moyen est 150 sur 180
Statistiques - réponses
Paroles % Correct
je
99%
la
97%
cherche
96%
le
96%
l'horizon
96%
L'horizon
96%
à
95%
a
95%
et
95%
Refrain Et
95%
la raison
95%
raison
95%
raison,
95%
sur
95%
Terre
95%
Terre,
95%
de
93%
si
93%
l'endroit,
92%
me
92%
repère,
92%
repère
92%
nuit
89%
oublié
89%
que
89%
rêve
89%
tout
89%
comme
88%
ne
88%
plus
88%
quand
88%
suis
88%
avant
87%
du
87%
encore
87%
heures
87%
mais
87%
matin
87%
m'enfuir
87%
réveillé
87%
Couplet (1) six
87%
demain
85%
elle
85%
fait
85%
j'aurai
85%
m'appelle
85%
m'attire
85%
qui
85%
rien
85%
sera
85%
j'suis
84%
l'envers
84%
penser
84%
sais
84%
tête
84%
dis-moi
83%
Dis-moi
83%
jamais
83%
j'arrive
83%
bien
79%
changé
79%
j'ai
79%
vaciller
79%
continuer
75%
des
75%
dois
75%
l'oublie
75%
parfois
75%
abandonner
73%
contrôler
73%
peur
73%
rappelle
73%
dans
72%
traversé
72%
changer
71%
nuits
71%
agitées
68%
aura
67%
j'm'endors
67%
moi
67%
temps
65%
vriller
65%
on
64%
impression
63%
Couplet (2) j'voudrais
60%
qu'j'pourrais
59%
même
57%
qu'on
57%
traverser
56%
dis-le
55%
peut
55%
tant
49%
oh-oh-oh
37%
Hey
20%
oh-oh-oh-oh
19%
Aucun quiz correspondant
Distribution des résultats
% des personnes avec chaque résultat
Percentile par nombre de réponses
Votre historique - résultats
Vous n’avez pas pris ce quiz depuis la dernière actualisation